| 000 | 00498nam a22001937a 4500 | ||
|---|---|---|---|
| 001 | BD-DhSAU 524 | ||
| 003 | BD-DhSAU | ||
| 005 | 20150104204101.0 | ||
| 008 | 150101b1974 ii |||| |||| 000 0 eng d | ||
| 040 | _cBD-DhSAU | ||
| 082 |
_222 _a633.10947 _bGRA |
||
| 245 |
_aGrain and pulse crops / _cTranslated from Russian. |
||
| 260 |
_aNew Delhi : _bOxford & IBH publishing Co. ; _cc1974 |
||
| 300 |
_aix, 287 p. : _b23 cm. |
||
| 590 | _ajoy | ||
| 650 | _aAgronomy | ||
| 650 | _aPulse | ||
| 650 | _aGrain | ||
| 942 |
_2ddc _cBOOK |
||
| 999 |
_c524 _d524 |
||